[Event "Chigorin Memorial 07th"]
[Site "St Petersburg"]
[Date "1999.11.05"]
[Round "4"]
[White "Loginov, Valery A"]
[Black "Yashtylov, Anatolij"]
[Result "0-1"]
[WhiteElo "2530"]
[BlackElo "2318"]
[Annotator "Horn,Pe"]
[PlyCount "154"]
[EventDate "1999.11.02"]
[EventType "swiss"]
[EventRounds "9"]
[EventCountry "RUS"]
[SourceTitle "CBM 074"]
[Source "ChessBase"]
[SourceDate "2000.02.01"]
[SourceVersion "1"]
[SourceVersionDate "2000.02.01"]
[SourceQuality "1"]

1. Nf3 d5 2. g3 Nf6 3. Bg2 c6 4. O-O Bg4 5. c4 e6 6. d3 Nbd7 7. cxd5 exd5 8.
Qc2 Be7 9. Nc3 O-O 10. e4 {Dieser Aufbau (cxd5,Qc2,e4) ist eine Spezialität
Loginovs.} dxe4 {Gespielte Alternativen sind:} (10... Rc8) (10... Nc5) (10...
Nb6) 11. dxe4 Qa5 {[%cal Ya5h5]} 12. h3 Bxf3 13. Bxf3 Ne5 $146 {Erzwingt eine
Entscheidung: entweder der B schützt e4 oder d3.} (13... Rfd8 14. Bg2 Nf8 15.
Bd2 Rd4 {1/2-1/2 Lombard,A-Szilagyi,G/Stary Smokovec 1969}) (13... Rad8 14. a3
Bc5 15. Bf4 Bd4 16. b4 Qa6 17. Be2 b5 $8 18. Rad1 Bxc3 19. Qxc3 Nxe4 20. Qf3
Ndf6 21. Bd3 $44 {Anastasian,A-Stangl,M/Baden-Baden/1996}) 14. Bg2 (14. Be2)
14... Rad8 15. a3 Qa6 16. Bf4 (16. Be3 Nc4 $132) 16... Nd3 (16... Qd3 17. Rac1
Nf3+ 18. Kh1 Qxc2 19. Rxc2 Nd4 20. Rcc1 $14 {ist ein Endspiel, das Loginov
anstrebt: er hat das Läuferpaar, und wenn Schwarz die schwarzfeldrigen Läufer
tauscht, verbleibt er mit der kleinen Qualität (Läufer gegen Springer).}) 17.
Be3 {Nun stört kein N auf c4.} Bc5 18. Bg5 $1 Bd4 19. Rad1 Nc5 20. Ne2 Ne6 21.
Bc1 (21. Nxd4 Nxd4 (21... Nxg5 22. Nf5 $14) 22. Qb1 $14 {war Loginov zu wenig.}
) 21... Qb5 22. Kh1 {[%cal Yf2f4]} Qh5 {Damit wird das Spiel sehr
zweischneidig.} 23. f4 (23. Nxd4 Nxd4 24. Qa4 $14 {[%cal Yc1e3]}) 23... Bb6 24.
f5 Rxd1 (24... Nd4 25. Nxd4 (25. Rxd4 $6 Bxd4 26. Nf4 Qg5 $13) 25... Bxd4 26.
Bf4 $14) 25. Qxd1 $6 (25. Rxd1 Ng4 26. Rf1 $14) 25... Nxe4 $6 (25... Ng5 $1 26.
Nc3 Nxh3 $1 27. Qxh5 Nxh5 28. Bxh3 Nxg3+ 29. Kg2 Nxf1 30. Kxf1 Rd8 $132) 26. g4
Qh4 27. fxe6 Nf2+ 28. Rxf2 $8 Bxf2 29. Qd7 Bc5 (29... fxe6 30. Qxe6+ Kh8 31.
Bd2 Qd8 (31... Be1 32. Bf4 $14) 32. Bc3 Qd1+ 33. Kh2 Bc5 34. Be5 $36) 30. Bd2
Qf6 $2 (30... Qe7 31. Qxe7 Bxe7 32. exf7+ $14) (30... fxe6 31. Qxe6+ Kh8 32.
Bc3 $16 {[%cal Rc3g7]}) 31. exf7+ $2 (31. Be3 $1 Be7 (31... Bxe3 32. e7 $18)
32. Nd4 Rd8 33. g5 $1 $18) 31... Rxf7 32. Qe8+ $2 {Dieser Zug scheint mir ein
Indiz für knappe Zeit zu sein.} (32. Qc8+ Bf8 (32... Rf8 33. Qxb7 $16) 33. Bc3
$14) 32... Rf8 $17 33. Qe4 Qxb2 {Es ist nicht einfach nur ein Bauer, den
Loginov überflüssigerweise hergegeben hat: die weißen Leichtfiguren finden
keine sicheren Positionen mehr.} 34. Qc4+ Rf7 35. Qxc5 (35. Bc1 Qe5 $17) 35...
Qxd2 36. Ng3 a6 37. Nf5 g6 38. Ne7+ Kg7 39. Qe5+ Kf8 40. Nc8 Qc1+ 41. Kh2 Qf4+
42. Qxf4 Rxf4 $19 {Gegen die schwarzen Bauern am Damenflügel ist kein Kraut
gewachsen, zumal die weißen Figuren schrecklich viel Zeit brauchen, um an den
Ort des Geschehens zu kommen.} 43. Nd6 (43. Nb6 Rf2 44. a4 Ra2 45. Kg3 Ke7 46.
Be4 Kd6 $19) 43... b5 44. Ne4 Ke7 45. Kg3 Rf8 46. Bf3 Rc8 (46... a5 $5) 47. Kf4
(47. g5 c5 $19) 47... c5 48. Ke3 b4 49. axb4 cxb4 50. Bd1 a5 51. h4 Rc1 52. Kd2
Ra1 53. Nc5 Kd6 54. Na4 (54. Nd3 Kc6 $19) 54... Ra2+ 55. Kd3 Ke5 {Weiß hat
tatsächlich noch eine Blockade am Damenflügel aufbauen können. Nun ereilt ihn
das Schicksal am anderen Flügel.} 56. h5 g5 57. Nb6 Ra1 58. Kd2 h6 59. Nd7+ Kf4
60. Nf6 (60. Nb6 Rxd1+ 61. Kxd1 Kxg4 $19) 60... a4 61. Nd5+ Kg3 62. Nxb4 (62.
Ne3 a3 $19) 62... Rxd1+ $1 63. Kxd1 Kxg4 64. Nc2 Kxh5 65. Ke2 Kh4 66. Kf2 Kh3
67. Kg1 g4 68. Na3 Kg3 69. Nc4 h5 70. Na3 h4 71. Nc4 h3 72. Na3 h2+ 73. Kh1 Kh3
74. Nc4 g3 75. Ne3 a3 76. Ng2 a2 77. Ne1 g2+ 0-1

[Event "Goodricke op 12th"]
[Site "Kolkata"]
[Date "2001.02.06"]
[Round "1"]
[White "Markowski, Tomasz"]
[Black "Prakash, GB."]
[Result "0-1"]
[WhiteElo "2595"]
[BlackElo "2453"]
[Annotator "Horn,Pe"]
[PlyCount "80"]
[EventDate "2001.02.06"]
[EventType "swiss"]
[EventRounds "11"]
[EventCountry "IND"]
[SourceTitle "CBM 082"]
[Source "ChessBase"]
[SourceDate "2001.05.17"]
[SourceVersion "1"]
[SourceVersionDate "2001.05.17"]
[SourceQuality "1"]

1. g3 d5 2. Nf3 c6 3. Bg2 Nf6 4. O-O Bf5 5. d3 e6 6. c4 dxc4 7. dxc4 Qxd1 8.
Rxd1 Nbd7 9. Nc3 h6 10. Be3 Ng4 11. Bd4 $2 $146 (11. Bd2 Bc5 12. Be1 Nb6 13.
Rac1 O-O 14. Nd2 Rfd8 15. Nde4 Be7 16. c5 $13 {Urban,K-Okuniewski,B/Krynica
1997}) 11... e5 12. h3 exd4 13. Nxd4 Nxf2 $1 14. Kxf2 Bg6 15. Nxc6 $6 {Das war
also die Idee. Bei einer ruhigen Entwicklung könnte Schwarz mit der besseren
Bauernstruktur auf die Zukunft hoffen.} bxc6 16. Bxc6 O-O-O {Ansonsten wäre es
eng geworden. Aber nun ist wenig Kompensation zu sehen.} 17. Kg2 ({Die
Tauscherei} 17. Bxd7+ Rxd7 18. Rxd7 Bc5+ 19. Kf3 Kxd7 20. Rd1+ Kc6 $19 {
läßt Weiß wenig Hoffnung.}) 17... Be7 18. Be4 Bxe4+ 19. Nxe4 $19 {Die beiden P
sind nicht die Figur wert.} Nf6 (19... Rhe8 $19) 20. Nc3 Rxd1 21. Rxd1 Bb4 22.
Nb5 Re8 23. Kf3 Bc5 24. Rd3 Re6 25. Nd4 Re5 26. g4 g6 27. b4 Bxd4 28. Rxd4 Nd7
29. e4 Re6 {[%cal Ye6a6]} 30. b5 {Sicher nicht gerne, aber was sonst gegen Ra6?
} Kc7 31. a4 Nc5 32. a5 Nb3 33. Rd5 Nxa5 34. c5 Nc4 35. Rd4 Na3 36. Rb4 Re5 37.
b6+ axb6 38. cxb6+ Kb7 39. Kf4 Rc5 40. e5 Nc4 0-1

[Event "EU-chT (Men) 12th"]
[Site "Batumi"]
[Date "1999.12.06"]
[Round "8.1"]
[White "Claesen, Pieter"]
[Black "Rozentalis, Eduardas"]
[Result "1/2-1/2"]
[WhiteElo "2403"]
[BlackElo "2586"]
[Annotator "Horn,Pe"]
[PlyCount "174"]
[EventDate "1999.11.06"]
[EventType "team-swiss"]
[EventRounds "9"]
[EventCountry "GEO"]
[SourceTitle "CBM 074"]
[Source "ChessBase"]
[SourceDate "2000.02.01"]
[SourceVersion "1"]
[SourceVersionDate "2000.02.01"]
[SourceQuality "1"]
[WhiteTeam "Belgium"]
[BlackTeam "Lithuania"]
[WhiteTeamCountry "BEL"]
[BlackTeamCountry "LTU"]

1. Nf3 Nf6 2. g3 d5 3. Bg2 Bg4 4. c4 c6 5. cxd5 cxd5 6. Qb3 Qb6 7. Qxb6 axb6 8.
d3 $146 (8. Nc3 Nc6 9. O-O e6 10. Nb5 Ra5 11. a4 Bxf3 12. Bxf3 Bb4 13. d3 Na7
14. Nxa7 Rxa7 15. Bf4 Kd7 16. e4 Bd6 17. e5 g5 18. Be3 Bxe5 19. Bxb6 Ra6 20.
Be3 h6 21. d4 $14 {Hübner-L.Bronstein/Barcelona/1965}) 8... Nc6 9. Be3 Bxf3 10.
Bxf3 Ra6 (10... Ra5 $6 11. Nc3 e6 12. Nb5 $4 Rxb5 $19) 11. Nc3 e6 12. Nb5 Bb4+
13. Kf1 Kd7 14. a3 Bc5 15. Bd2 Rc8 16. e3 e5 17. Bg2 g5 18. f4 exf4 19. gxf4
Rg8 20. fxg5 Rxg5 21. Bh3+ Kd8 22. Ke2 Rh5 23. Raf1 Be7 24. Bf5 Ra4 25. h3 Rg5
26. Rhg1 h6 27. Be1 (27. Bc3) 27... d4 28. e4 (28. exd4 Nxd4+ 29. Nxd4 Rxd4 30.
Bf2 Rd6 31. Be3 Rxg1 32. Rxg1 $14) 28... Nh5 29. h4 Nf4+ 30. Kf3 (30. Kd1 Rxf5
31. exf5 Nxd3 32. f6 $18) 30... Rxf5 31. exf5 Nxd3 32. b3 Ra6 33. Bf2 $2 (33.
Bg3 $16) 33... Nxf2 34. Rxf2 Bxa3 35. Ra2 Bc5 36. Rga1 Nb4 37. Ra4 d3 38. Rd1
Kd7 39. Ke4 Ra5 40. Nd4 Be7 41. Nf3 Rb5 42. Nd4 Ra5 43. h5 Bd6 44. Rxa5 bxa5
45. Nf3 b5 46. Ra1 Bc7 47. Nd4 Nc2 48. Nxc2 dxc2 49. Rc1 a4 50. bxa4 bxa4 51.
Rxc2 a3 52. Kd5 Ba5 53. Rc4 Bd2 54. Ra4 Bc1 55. Ra7+ Ke8 56. Kd6 Bf4+ 57. Kc6
Be5 58. Rxa3 Ke7 59. Kd5 Kf6 60. Ke4 Bh2 61. Ra2 Bb8 62. Rb2 Bg3 63. Rb6+ Kg5
64. Rb7 Kf6 65. Kf3 Be1 66. Kg4 Bd2 67. Rb2 Bc1 68. Rb5 Bd2 69. Rd5 Bc1 70. Rd7
Bg5 71. Rd1 Ke5 72. Rb1 Kf6 73. Rb5 Bd2 74. Rc5 Be3 75. Rc6+ Ke5 76. Rc7 Kf6
77. Kf3 Bg1 78. Ke4 Bh2 79. Rc6+ Kg5 80. f6 Bb8 81. Rb6 Bc7 82. Rb7 Bd8 83. Rb8
Bxf6 84. Rb5+ Kg4 85. Rf5 Bg5 86. Rxf7 Kxh5 87. Kf5 Kh4 1/2-1/2

[Event "RUS-ch KO"]
[Site "Moscow"]
[Date "1999.12.18"]
[Round "2.3"]
[White "Loginov, Valery A"]
[Black "Tregubov, Pavel V"]
[Result "0-1"]
[WhiteElo "2530"]
[BlackElo "2609"]
[Annotator "Horn,Pe"]
[PlyCount "106"]
[EventDate "1999.12.04"]
[EventType "k.o."]
[EventRounds "6"]
[EventCountry "RUS"]
[SourceTitle "CBM 075"]
[Source "ChessBase"]
[SourceDate "2000.04.05"]
[SourceVersion "1"]
[SourceVersionDate "2000.04.05"]
[SourceQuality "1"]

1. Nf3 d5 2. g3 Nf6 3. Bg2 c6 4. O-O Bf5 5. c4 e6 6. d3 dxc4 7. dxc4 Qxd1 8.
Rxd1 Nbd7 9. Nc3 h6 10. Be3 Ng4 11. Bd2 Nge5 (11... Bc2 12. Rdc1 Bh7 13. h3
Ngf6 14. Be3 a5 15. Na4 Bd6 16. Rd1 Ke7 17. Rac1 Rhd8 18. Nd4 Bc7 19. Nb3 (19.
Bxc6 $5) 19... Be4 20. Nbc5 Bxg2 21. Kxg2 b6 22. Nxd7 Nxd7 $11 {Telman,
V-Kosikov,A/Lvov 1988}) ({Im selben Turnier geschah} 11... Bc5 12. Be1 O-O-O (
12... Ngf6) (12... Nb6) 13. a3 $146 (13. Nd4) (13. Na4) 13... Nde5 14. b4 Be7
15. Nd4 Nxc4 (15... Bg6 16. c5 $13) 16. b5 $1 c5 17. Nxf5 exf5 18. Nd5 Bd6 19.
Rdc1 Nce5 20. Ba5 $44 {Loginov,V-Tregubov,P/Moscow 1999}) 12. Nxe5 Nxe5 13. b3
Ba3 14. Bc1 Bxc1 15. Raxc1 Ke7 16. h3 Rhd8 17. f4 Nd7 18. Kf2 a5 19. Na4 Rab8
20. e4 Bh7 21. e5 $14 {Weiß hat etwas mehr vom Spiel; die schwarze Stellung
ist aber solide.} f6 22. exf6+ gxf6 23. Rd2 Bg6 24. Rcd1 Be8 {[%cal Yb7b5]} (
24... b5 $2 25. Bxc6 $18) 25. Bf3 (25. c5 $142 $14 {verhinderte die jetzt
folgende Entlastung.}) 25... b5 26. cxb5 cxb5 27. Nc3 Nc5 28. Ke3 Rxd2 29. Rxd2
Rc8 30. Ne2 b4 31. Rc2 Bd7 32. Nd4 Kd6 33. g4 a4 34. Rc4 (34. bxa4 Nxa4 35.
Nb5+ Ke7 36. Rxc8 Bxc8 37. Nd4 (37. Kd4 Ba6 $1 $132) 37... Kd6 38. a3 $11)
34... axb3 35. axb3 Rb8 (35... e5 36. fxe5+ fxe5 37. Nf5+ Bxf5 38. gxf5 Rf8 39.
Rxb4 Rxf5 40. Rb6+ $16) 36. Bd1 Bc8 37. Nf3 {Es scheint, daß Loginov hier noch
nach dem ganzen Punkt strebt.} (37. Nc2 Nxb3 38. Nxb4 Nc5 39. Rd4+ Kc7 $11) (
37. h4 $142 $14) 37... e5 38. fxe5+ fxe5 39. Nd2 $2 (39. Nxe5 Be6 40. Rc1 Nxb3
41. Bxb3 Bxb3 $11) (39. Nh4 Be6 40. Nf5+ Bxf5 41. gxf5 $14) 39... Be6 40. Rc1
Bd5 {Jetzt muß Weiß sogar aufpassen, daß er nicht verliert.} 41. Bc2 (41. Nc4+
$11) 41... Ra8 42. h4 Ra3 43. Rb1 Ne6 44. Be4 (44. Bd3 $11) 44... Nd4 45. Bxd5
Kxd5 46. Kd3 Ra2 47. g5 (47. Rf1 Rb2 48. Rf8 Nxb3 49. Rd8+ Ke6 50. Ne4 $15)
47... hxg5 48. hxg5 Rc2 {[%cal Rc2c3]} 49. Ne4 $8 Rh2 50. Nf6+ Ke6 51. Kc4 Nf3
52. Ne4 $4 (52. Kxb4 Nxg5 53. Ne8 $11) 52... Rh4 53. Kd3 Kf5 0-1

[Event "Winterthur"]
[Site "Winterthur"]
[Date "1996.??.??"]
[Round "1"]
[White "King, Daniel J"]
[Black "Pelletier, Yannick"]
[Result "1-0"]
[WhiteElo "2535"]
[BlackElo "2440"]
[Annotator "Horn,Pe"]
[PlyCount "81"]
[EventDate "1996.09.??"]
[EventType "tourn"]
[EventRounds "11"]
[EventCountry "SUI"]
[EventCategory "9"]
[SourceTitle "CBM 055"]
[Source "ChessBase"]
[SourceDate "1996.12.01"]
[SourceVersion "1"]
[SourceVersionDate "1996.12.01"]
[SourceQuality "1"]

1. g3 {King} Nf6 2. Bg2 d5 3. Nf3 Bg4 4. c4 c6 5. Ne5 Be6 6. cxd5 Bxd5 7. Nf3 (
7. O-O Bxg2 8. Kxg2 Nbd7 9. Nxd7 Qxd7 10. Nc3 e6 $10 {Grün-Reefschläger/
HSK-Porz/1986}) 7... e5 (7... c5 8. O-O e6 9. Nc3 Bc6 $10 {Schwarz ist etwas
in der Entwicklung zurück. Dafür hat er einen schönen Einfluß im Zentrum und
bequeme Entwicklungsmöglichkeiten. Die mir bekannten Partien konnten keinen
weißen Vorteil nachweisen.}) (7... g6 8. O-O Bg7 9. d3 O-O 10. Nc3 Re8 11. e4
Be6 12. Ng5 Bc8 13. Qb3 e6 14. Rd1 h6 15. Nf3 e5 16. d4 $14 {Nogueiras-Antunes/
Santa Clara/1991}) 8. O-O $146 (8. Nc3 e4 9. Nh4 Qd7 10. d3 Bb4 11. O-O Bxc3
12. bxc3 exd3 13. exd3 O-O 14. c4 (14. Re1 {Kirov-Ivkov/Bor/1984}) 14... Bxg2
15. Kxg2 {/\ Bb2,Qf3 +/- Vaganian (i39/10) 1985}) 8... e4 9. Ne1 h5 $6 {
Damit wird das Grundthema dieser Partie festgelegt: Schwarz trägt ohne viel
Federlesen einen Rochadeangriff vor, während Weiß im Zentrum (mit Nc3, d3)
kontert. Schwarz wird durch den momentanen Vorteil im Zentrum zu diesem
riskanten Vorgehen ermuntert.} 10. Nc3 (10. h4 $6 {wäre halbherzig: der
Austausch von h4/h5 begünstigt Schwarz wegen der Schwächung des weißen
Königsflügels.}) 10... h4 (10... Bb4 $5 11. d3) 11. d3 (11. Qc2 hxg3 12. hxg3
Ng4 $132) 11... hxg3 12. hxg3 Bb4 (12... exd3 {Wenn Schwarz den Vorposten Pe4
aufgibt, kann er nicht mehr auf Erfolg beim Rochadeangriff rechnen. Der Zug
macht nur Sinn mit der Absicht der Schadensbegrenzung.} 13. Nxd5 Nxd5 14. Nxd3
$16) 13. Bg5 (13. dxe4 Bxc3 14. exd5 Bxe1 15. Rxe1 Nxd5 (15... cxd5 16. e4 dxe4
17. Qxd8+ Kxd8 18. Bg5 $16) 16. e4 $16 {Schwarz hat hier einen ganz schweren
Stand gegen die beiden B.}) 13... Bxc3 14. bxc3 Qa5 15. Bxf6 $1 (15. Qd2 Nbd7
$10) 15... gxf6 16. Rb1 (16. Qb1 $5 Qc7 (16... Qxc3 $143 17. Qxb7 Qxa1 18. Qxa8
$18) (16... Qb5 17. Qxb5 cxb5 18. Bxe4 $16) (16... exd3 $2 17. e4 $1 Bxe4 18.
Qxb7 Qh5 19. f3 $18) 17. dxe4 $16) 16... Bxa2 {[%cal Ya5h5]} 17. Rb4 {King
wählt die nächstliegende Alternative: das Zentrum wird attackiert.} (17. Ra1 $2
Qh5 $40) (17. Rxb7 $5 {Auf den ersten Blick gefällt dieser Zug nicht so sehr,
aber auf den zweiten bin ich nicht so sicher. Er hofft darauf, die schwarzen
Angriffsmöglichkeiten in der h-Linie auch einen Zug später noch dafür
befriedigend beantworten zu können. Dafür wird der Damenflügel zertrümmert.}
Qh5 18. f4 $8 Qh2+ (18... e3 19. Nf3 Be6 (19... Bd5 20. Qc1 $1) 20. Qa4 $16) (
18... Qc5+ 19. Rf2 e3 20. Rf1 Bd5 21. Qc1 $16) (18... exf3 19. Nxf3 $16) (18...
Nd7 19. Kf2 $14) 19. Kf2 Rg8 (19... Rh3 20. Ke3 Rxg3+ (20... Qxg3+ 21. Kd2 Qe3+
22. Kc2 $16) 21. Kd2 $16) 20. Ke3 Qxg3+ 21. Kd2 $16) 17... Be6 (17... Qh5 $4
18. Rxe4+ {/\ Rh4+-}) 18. Rxe4 Nd7 (18... Qxc3 19. Qb1 (19. Nf3) 19... b6 20.
Nf3 $36) 19. Nf3 (19. Qc2 $14 {Beide Seiten interessiert der Pc3 zunächst
anscheinend nicht. Ich sehe hier keinen Grund, warum Weiß den Pc3 nicht
behalten sollte.}) 19... Qxc3 20. Qb1 (20. Nd4 Nc5 21. Nxe6 fxe6 $132) 20... f5
(20... Nc5 21. Rc1 Qa3 $13) 21. Ra4 (21. Rb4 {Gefällt mir besser, da Weiß hier
nicht zu tauschen braucht.} Nb6 22. Rc1 (22. Qa1 Qxb4 (22... Qxa1 23. Rxa1 Kd7
24. Ra5 $44) 23. Qxh8+ $13) 22... Qa3 (22... Qf6 $5) 23. Nd4 $44) 21... Nb6 22.
Rc1 Qb3 {Erzwingt irgendeinen entlastenden Abtausch.} (22... Qf6 $5 23. Rb4 $13
) 23. Qa1 {King: Too sexy to resist, but not terribly good. I still prefer my
chances in the endgame after:} (23. Ra5 Qxb1 24. Rxb1 $10 {[%cal Yf3d4] /\ Nd4}
) (23. Qxb3 Bxb3 24. Ra5 {King: ... the f-pawn drops when I am left with my
beautifully compact, and potentially mobile, central pawn structure; while
Black's passed pawns on the queenside are less easy to launch.}) 23... Qxa4 24.
Qxh8+ Kd7 {Der K darf sich hier einigermaßen sicher fühlen.} 25. Qf6 Qa3 {
[%cal Ya3e7,Ra3c1]} 26. Ra1 (26. Ne5+ $6 Kc7 27. Rb1 Rf8 $17) 26... Qe7 {
King: This is the point. The queen is able to return to defend the king, and
White has scant compensation for the pawn.} 27. Qb2 (27. Ne5+ Kd8 28. Qxe7+
Kxe7 $15) 27... Bd5 {[%cal Yd7c7]} 28. e4 $6 {Weiß möchte sich Linien gegen
den Kd7 öffnen.} (28. e3 $5 $13) (28. Bh3 $5) 28... fxe4 29. dxe4 Bc4 (29...
Bxe4 $5 {den Bauern verliert Schwarz zurück, aber Figurenabtausch liegt liegt
im Interesse von Schwarz.} 30. Ne5+ Kc7 31. Bxe4 f6 32. Nxc6 (32. Bxc6 bxc6 $5
$17 (32... Qxe5 33. Qxe5+ fxe5 34. Bg2 $10)) 32... Qxe4 33. Nxa7 Rh8 34. Rc1+
Kd7 (34... Kb8 35. Nc6+ $10) 35. Rd1+ Ke7 $17) (29... Be6 $5) 30. Ne5+ (30. Qg7
$17) 30... Kc7 31. Qc3 (31. Nxc4 $6 Nxc4 32. Qc3 Qe5 $17) 31... Qf6 (31... Bb5
$5) 32. Rc1 (32. Qa5 Bb5 33. Ng4 $17) 32... Bb5 33. Qc5 {[%cal Rc5b5]} (33. f4
Rd8 34. Ra1 $17) 33... a6 $4 {Oh je. Hier wird sicher die Zeit knapp geworden
sein. King: Someone was smiling on me on this day.} (33... Rd8 $17 34. Qxb5
$140 $4 Rd1+ $19) 34. Qxb6+ $18 Kxb6 35. Nd7+ Ka5 36. Nxf6 Kb4 37. Bf1 Ba4 38.
Bc4 a5 39. Bxf7 Rf8 (39... Bb3 40. Bxb3 Kxb3 41. Rb1+ Kc4 42. Rxb7 a4 43. Nd7
$18) 40. Rb1+ Ka3 41. Rxb7 1-0

[Event "EU-chT (Men) 12th"]
[Site "Batumi"]
[Date "1999.12.07"]
[Round "9.1"]
[White "Lputian, Smbat G"]
[Black "Jussupow, Artur"]
[Result "1/2-1/2"]
[WhiteElo "2625"]
[BlackElo "2636"]
[Annotator "Horn,Pe"]
[PlyCount "97"]
[EventDate "1999.11.06"]
[EventType "team-swiss"]
[EventRounds "9"]
[EventCountry "GEO"]
[SourceTitle "CBM 074"]
[Source "ChessBase"]
[SourceDate "2000.02.01"]
[SourceVersion "1"]
[SourceVersionDate "2000.02.01"]
[SourceQuality "1"]
[WhiteTeam "Armenia"]
[BlackTeam "Germany"]
[WhiteTeamCountry "ARM"]
[BlackTeamCountry "GER"]

1. Nf3 d5 2. g3 c6 3. Bg2 Bg4 4. c4 e6 5. cxd5 exd5 6. d3 Nf6 7. O-O Be7 8. h3
Bh5 9. Nd4 {Gegenüber Nh4 kann man auf dieser Route nach f5 nicht durch d4
gestört werden wie in Rotstein-Bangiev.} (9. Nh4 Nfd7 10. Nf5 O-O 11. Qb3 Nc5
12. Qc3 Ne6 13. Nxe7+ Qxe7 14. e4 dxe4 15. dxe4 f6 16. Be3 Na6 17. Nd2 Rfd8 18.
g4 Bf7 19. f4 Qb4 20. Rfc1 Nd4 21. Bf1 $14 {Forintos,G-Lengyel,L/Budapest 1958}
) (9. Nc3 Na6 10. Nh4 d4 11. Nf5 O-O 12. Ne4 Nxe4 13. Nxe7+ Qxe7 14. dxe4 Rad8
15. f4 f6 16. Bd2 c5 $132 {Rotstein,A-Bangiev,A/Simferopol 1991}) 9... O-O 10.
Nf5 Bc5 11. Qc2 Na6 $1 $146 (11... Bb6 12. Nc3 Na6 13. a3 Nc5 14. b4 Ne6 15.
Na4 Bg6 16. Nxb6 axb6 17. Nh4 d4 18. Bb2 Nd5 19. Nf3 Ndc7 20. Ne5 b5 21. e4
dxe3 22. fxe3 Qd6 23. Rad1 $14 {Khalifman,A-Yakovich,Y/St Petersburg 1998}) 12.
e4 (12. a3) (12. Nc3) 12... Re8 13. a3 $6 {Wahrscheinlich unterschätzt Lputian
den folgenden Zug.} (13. Nc3 Nb4 14. Qb1 {Die momentan etwas vertütelte weiße
Figurenstellung läßt sich anscheinend nicht einfach ausnutzen.} d4 $6 {ist
jedenfalls strategisch nicht erwünscht:} (14... Bg6 15. Nh4) 15. Na4 Bf8 16. a3
Na6 17. b4 $14) 13... Bg6 14. g4 (14. Nh4 {ist hier nicht möglich:} dxe4 $17)
14... Bxf5 15. gxf5 Bd4 {Schwarz darf hier mit dem Ergebnis der Eröffnung sehr
zufrieden sein.} (15... Qe7 $5) 16. Nc3 Qe7 17. Ne2 (17. Bg5 $5) 17... Bb6 18.
Ng3 Qd6 19. Kh1 Rad8 20. b4 Nc7 21. Bb2 dxe4 22. dxe4 Qd2 $15 23. Rac1 (23.
Qxd2 Rxd2 24. Bxf6 gxf6 $15) 23... Nb5 24. a4 Qxc2 25. Rxc2 Nd4 26. Rd2 $2 (26.
Rc4 Nb3 $15) 26... Nb3 (26... Nxf5 {gewinnt einen Bauern, allerdings steht
Weiß nach} 27. Rxd8 Nxg3+ 28. fxg3 Bxd8 29. Rd1 {recht aktiv.}) 27. Rxd8 Rxd8
28. e5 Nd5 29. a5 Bd4 30. Bxd4 Nxd4 31. Rb1 ({Auch nach} 31. Rd1 $5 Nxb4 32.
Ne2 c5 33. Bxb7 Ndc6 34. Rxd8+ Nxd8 $17 {verbleiben Weiß die Sorgen um seine
schwachen Bauern.}) 31... Kf8 32. Ne4 {Gibt einen Bauern, um Fortschritte am
Damenflügel zu erzielen.} Nxf5 33. b5 Nh4 (33... cxb5 $142 34. Nd6 (34. Rxb5 b6
$17) 34... Nxd6 35. exd6 Nf4 36. Rxb5 Rxd6 37. Rxb7 Ra6 38. Rb5 Ke7 $17 {
Schwarz hat einen klaren Bauern mehr. Die Realisation dieses Vorteils ist aber
schwierig, da Schwarz keinen Freibauern bilden kann.}) 34. bxc6 (34. a6 $6 bxa6
35. bxc6 Nxg2 36. Kxg2 Rc8 37. Rb7 Rxc6 38. Rxa7 Nc7 $17 {verbleibt mit einem
klaren Mehrbauern.}) 34... bxc6 35. Nc5 $44 {[%csl Ra7] Hier muß sich Schwarz
Sorgen um den Pa7 machen.} Ng6 (35... Nxg2 36. Kxg2 Nc3 37. Rb7 Rd5 38. Rb8+
Ke7 39. Rb7+ Ke8 40. Rb8+ $11) 36. e6 Ndf4 37. exf7 Kxf7 38. Rb7+ Kf6 39. Nd7+
{Sperrt den Re8 vorübergehend vom Angriff auf den Kh1 aus.} (39. Rxa7 $5 Rd1+
40. Kh2 Rc1 $13) 39... Kg5 40. Rxa7 {[%csl Ga5] Vielleicht hat Jussupow hier
bedauert, nicht das klar vorteilhafte Endspiel im 33.Zug gewählt zu haben,
denn jetzt ist der Pa5 brandgefährlich.} Re8 41. a6 $2 {Zu stürmisch: Lputian
beachtet Jussupows Drohung nicht und verliert gleich eine ganze Figur.} (41.
Bxc6 Kh4 $1 $40 {[%csl Rh1]}) (41. Nc5 $14) 41... Re1+ 42. Kh2 Nxg2 43. Nb6 {
[%csl Ga6] Witzigerweise ist das Matt nicht zu bewerkstelligen, nachdem Weiß
den Ng2 einfach stehen läßt.} (43. Kxg2 $4 Nh4+ 44. Kh2 (44. Kg3 Rg1+ 45. Kh2
Nf3#) 44... Kf4 $1 $19 {[%cal Rh4f3] Da liegt das Problem: nach 41.Nc5 wäre
das so nicht möglich gewesen.}) 43... Rb1 $2 {Wickelt ab ins Remis.} ({Nach
dem coolen} 43... N2f4 44. Rxg7 Nd5 {hätte Lputian wohl große Schwierigkeiten
gehabt:} 45. Nxd5 cxd5 46. a7 Ra1 47. Rxh7 Ne5 {[%cal Rd5d4,Rd4d3,Rd3d2,Rd2d1]
und der Pd5 ist eine Macht.}) 44. Rb7 N2h4 45. a7 Nf3+ $8 46. Kg3 Ngh4 47.
Rxg7+ Kf5 48. Rf7+ Kg5 49. Rg7+ (49. Rxf3 $4 Rg1+ 50. Kh2 Nxf3#) 1/2-1/2